000 00464nam a2200181Ia 4500
003 LK-CoDNM
008 010623t1927 xxu||||| |||| 00| 1 sin d
040 _aLK-CoDNM
_dLK-CoDNM
_eLK-CoDNM
041 _asin
080 _a104 D.11
100 _aEd. by Kumaranatunga,Munidasa
245 _aඅමාවතුර
246 _aAmaavathura
260 _bLankaabhinava visstrutha
_aColombo
_c1927
300 _b83p., 21 cm
700 _aGurulu Goomi
942 _cBK
999 _c93957
_d93957